000 00604nam a22002057a 4500
003 BUBTL
008 191006b xxu||||| |||| 00| 0 eng d
020 _a978-93-325-3503-9
082 _a621.38481 / OPD
100 _92406
_aOppenheim, Alan V.
245 _aDiscrete -Time Signal Processing
_cAlan V. Oppenheim, Ronald W Schafer
250 _a3rd ed.
260 _aIndia :
_bPearson,
_cc2016
300 _a1052 p. :
_bill.;
_c23.5 cm.
650 0 _9239
_aEEE
700 _92407
_aSchafer, Ronald W
856 _k0
_l0
_yDownload
942 _2ddc
_cBK
999 _c6109
_d6109